| Tag |
First Indicator |
Second Indicator |
Subfields |
| LEADER |
00000cam a22000004a 4500 |
| 001 |
in00002467508 |
| 005 |
20151110040833.0 |
| 008 |
080611s2008 nyuabf b 001 0beng |
| 010 |
|
|
|a 2008026059
|
| 015 |
|
|
|a GBA8B7192
|2 bnb
|
| 016 |
7 |
|
|a 014772388
|2 Uk
|
| 020 |
|
|
|a 9780823229796 (cloth : alk. paper)
|
| 020 |
|
|
|a 0823229793 (cloth : alk. paper)
|
| 035 |
|
|
|a (OCoLC)ocn227930835
|
| 035 |
|
|
|a (OCoLC)227930835
|
| 040 |
|
|
|a DLC
|c DLC
|d BTCTA
|d BAKER
|d YDXCP
|d OCLCG
|d UKM
|d C#P
|d BWX
|d IXA
|d UtOrBLW
|
| 043 |
|
|
|a n-us---
|a mm-----
|a ff-----
|
| 049 |
|
|
|a TXAM
|
| 050 |
0 |
0 |
|a D766
|b .T64 2008
|
| 082 |
0 |
0 |
|a 940.54/1273092
|a B
|2 22
|
| 100 |
1 |
|
|a Toffey, John J.,
|d 1931-
|
| 245 |
1 |
0 |
|a Jack Toffey's war :
|b a son's memoir /
|c John J. Toffey IV.
|
| 250 |
|
|
|a 1st ed.
|
| 264 |
|
1 |
|a New York :
|b Fordham University Press,
|c 2008.
|
| 300 |
|
|
|a xvii, 269 pages, 8 unnumbered pages of plates :
|b illustrations, maps ;
|c 24 cm.
|
| 336 |
|
|
|a text
|b txt
|2 rdacontent
|
| 337 |
|
|
|a unmediated
|b n
|2 rdamedia
|
| 338 |
|
|
|a volume
|b nc
|2 rdacarrier
|
| 490 |
1 |
|
|a World War II--the global, human, and ethical dimension
|
| 500 |
|
|
|a Series from jacket flap.
|
| 504 |
|
|
|a Includes bibliographical references (pages [253]-259) and index.
|
| 600 |
1 |
0 |
|a Toffey, John James,
|d 1907-1944.
|
| 650 |
|
0 |
|a World War, 1939-1945
|x Campaigns
|z Mediterranean Region.
|
| 650 |
|
0 |
|a World War, 1939-1945
|x Campaigns
|z Africa, North.
|
| 650 |
|
0 |
|a World War, 1939-1945
|x Campaigns
|z Italy.
|
| 610 |
1 |
0 |
|a United States.
|b Army
|v Biography.
|
| 650 |
|
0 |
|a Soldiers
|z United States
|v Biography.
|
| 830 |
|
0 |
|a World War II--the global, human, and ethical dimension.
|
| 938 |
|
|
|a Baker and Taylor
|b BTCP
|n BK0007799346
|
| 938 |
|
|
|a Baker & Taylor
|b BKTY
|c 29.95
|d 22.46
|i 0823229793
|n 0007799346
|s active
|
| 938 |
|
|
|a YBP Library Services
|b YANK
|n 2834633
|
| 938 |
|
|
|a Blackwell Book Service
|b BBUS
|n R7745624
|c $29.95
|
| 945 |
|
|
|a PromptCat
|b 581565
|
| 946 |
|
|
|a stk
|
| 947 |
|
|
|a A14837411506
|
| 994 |
|
|
|a 92
|b TXA
|
| 948 |
|
|
|a cataloged
|b h
|d 2009/1/6
|h c
|e asalazar
|f 3:22:55 pm
|
| 999 |
|
|
|a MARS
|
| 999 |
f |
f |
|s c5cb75be-8e71-3b5d-be63-c0b76e2a247f
|i e6a2de0a-5983-3a6c-9b9a-61ec9f9f9eff
|t 0
|
| 952 |
f |
f |
|p normal
|a Texas A&M University
|b College Station
|c Sterling C. Evans Library
|d Evans: Library Stacks
|t 0
|e D766 .T64 2008
|h Library of Congress classification
|i unmediated -- volume
|m A14837411506
|
| 998 |
f |
f |
|a D766 .T64 2008
|t 0
|l Evans: Library Stacks
|